| 000 | 01676cam a2200493 a 4500 | ||
|---|---|---|---|
| 001 | 22741 | ||
| 003 | SK-KTurca | ||
| 005 | 20260422151527.0 | ||
| 008 | 240314s2009 xo ol g 001 0 slo | ||
| 015 | _aSNBA2010/02-00687 | ||
| 020 |
_a9788080711177 _q(viaz.) |
||
| 035 | _aF883206D-1AA8-4EB5-B421-C0B49988FFAD | ||
| 035 | _aurn:nbn:sk:snk-amk9d5 | ||
| 035 | _aurn:nbn:sk:snk-am008a78 | ||
| 040 |
_aTTKJF _bslo _cTTKJF _dSNK _eAACR2 |
||
| 041 | 1 |
_aslo _hspa |
|
| 044 |
_axo _cSK |
||
| 072 | 7 |
_a616 _xPatológia. Klinická medicína _2konspekt |
|
| 080 |
_a616.379-008.64 _22001 |
||
| 080 |
_a616-08 _22001 |
||
| 080 |
_a(035) _22001 |
||
| 080 |
_a615.83+615.89 _2001 |
||
| 100 | 1 |
_aGelabert, Ramon C. _4aut |
|
| 240 | 1 | 0 |
_aDiabetes - scientific and natural treatments _lSlovensky |
| 245 | 1 | 0 |
_aCukrovka (diabetes mellitus) _bmoderná medicínska a prírodná liečba _cRamon C. Gelabert ; [zo španielského originálu preložila Dominika Matisová] |
| 250 | _a1. vyd. | ||
| 260 |
_aVrútky _bAdvent-Orion _c2009 |
||
| 300 |
_a143 s. _bfareb. fotogr., tab. _c24 cm |
||
| 490 | 1 | _aŽivot a zdravie | |
| 490 | 1 | _aNew Start - Nový začiatok | |
| 504 | _aBibliogr. s. 132-134. Symboly a skrat. Slovník odb. náz. Všeobecný abec. reg. | ||
| 650 | 0 | 7 |
_adiabetes mellitus _2SNKPH |
| 650 | 0 | 7 |
_aterapia _2SNKPH |
| 650 | 0 | 7 |
_aTherapy _2SNKPHeng |
| 650 | 0 | 7 |
_aprírodné liečiteľstvo _2SNKPH |
| 650 | 0 | 7 |
_aHealing _2SNKPHeng |
| 655 | 7 |
_apríručky _2SNKPH |
|
| 700 | 1 |
_aMatisová, Dominika _4trl |
|
| 830 | 0 | _aŽivot a zdravie | |
| 830 | 0 | _aNew Start - Nový začiatok | |
| 942 |
_2ddc _cOLDO _n0 |
||
| 980 | _a616.379-008.64 | ||
| 980 | _a615.83+615.89 | ||
| 999 |
_c22741 _d22741 |
||